| 000 | 00647cam a22002293a 4500 | ||
|---|---|---|---|
| 001 | 19351 | ||
| 003 | PGUSA | ||
| 005 | 20140828083417.0 | ||
| 008 | 060922s2006||||xxu|||||s|||||000 1 eng d | ||
| 040 |
_aPGUSA _beng |
||
| 042 | _adc | ||
| 050 | 4 | _aPZ | |
| 100 | 1 |
_aSnell, Roy J. _q(Roy Judson), _d1878-1959 |
|
| 245 | 1 | 0 |
_aCurlie Carson Listens In _h[electronic resource] / _cRoy J. Snell |
| 260 |
_bProject Gutenberg, _c2006 |
||
| 506 | _aPublic domain in the USA. | ||
| 516 | _aElectronic text | ||
| 653 | _aRadio -- Juvenile fiction | ||
| 830 | 0 |
_aProject Gutenberg _v19351 |
|
| 856 | 4 | 0 | _uhttp://www.gutenberg.org/ebooks/19351 |
| 942 | _cEB | ||
| 999 |
_c248606 _d248606 |
||